Catálogo
 En Linea

Centro de Documentación Educativa : (Registro nro. 60678)

Detalles MARC
000 -CABECERA
campo de control de longitud fija 02174nas a2200313 i 4500
003 - IDENTIFICADOR DEL NÚMERO DE CONTROL
campo de control DO-SdUA
005 - FECHA Y HORA DE LA ÚLTIMA TRANSACCIÓN
campo de control 20260506143551.0
007 - CAMPO FIJO DE DESCRIPCIÓN FÍSICA--INFORMACIÓN GENERAL
campo de control de longitud fija ta
008 - DATOS DE LONGITUD FIJA--INFORMACIÓN GENERAL
campo de control de longitud fija 260506e2016 dr a p|r| ||00 | spa d
040 ## - FUENTE DE LA CATALOGACIÓN
Centro catalogador/agencia de origen DO-SdUA
Lengua de catalogación spa
Centro/agencia transcriptor DO-SdUA
Centro/agencia modificador DO-SdBNP
Normas de descripción rda
041 0# - CÓDIGO DE LENGUA
Código de lengua del texto/banda sonora o título independiente spa
110 1# - ENTRADA PRINCIPAL--NOMBRE DE ENTIDAD CORPORATIVA
Nombre de entidad corporativa o nombre de jurisdicción como elemento de entrada República Dominicana.
Unidad subordinada Ministerio de Educación.
-- Instituto Nacional de Formación y Capacitación del Magisterio.
9 (RLIN) 89480
245 10 - MENCIÓN DE TÍTULO
Título Centro de Documentación Educativa :
Resto del título guía de servicios y reglamento /
Mención de responsabilidad, etc. Ministerio de Educación, Instituto Nacional de Formación y Capacitación del Magisterio.
264 ## - PRODUCCIÓN, PUBLICACIÓN, DISTRIBUCIÓN, FABRICACIÓN Y COPYRIGHT
Producción, publicación, distribución, fabricación y copyright Santo Domingo, República Dominicana :
Nombre del de productor, editor, distribuidor, fabricante Instituto Nacional de Formación y Capacitación del Magisterio (INAFOCAM),
Fecha de producción, publicación, distribución, fabricación o copyright 2016.
300 ## - DESCRIPCIÓN FÍSICA
Extensión volumen :
Otras características físicas ilustraciones ;
Dimensiones 20 x 24 cm.
310 ## - PERIODICIDAD ACTUAL
Periodicidad actual Anual.
336 ## - TIPO DE CONTENIDO
Término de tipo de contenido texto
Código de tipo de contenido txt
Fuente rdacontent
337 ## - TIPO DE MEDIO
Nombre/término del tipo de medio sin mediación
Código del tipo de medio n
Fuente rdamedia
338 ## - TIPO DE SOPORTE
Nombre/término del tipo de soporte volumen
Código del tipo de soporte nc
Fuente rdacarrier
362 ## - FECHAS DE PUBLICACIÓN Y/O DESIGNACIÓN SECUENCIAL
Fecha de publicación y/o designación secuencial Año 2016.
500 ## - NOTA GENERAL
Nota general Catalogación basada en el: Año 2016.
520 ## - SUMARIO, ETC.
Sumario, etc. El Centro de Documentación Educativa del Instituto Nacional de Formación y Capacitación del Magisterio, es una unidad de información comprometida con el acceso y la difusión de recursos de información actualizada y relevante que sirven de soporte a los programas de formación integral del personal docente de la República Dominicana. Es, además, una instancia innovadora en la oferta de recursos y servicios de información especializados en el área de educación y que contribuye a la concertación de voluntades a favor de la creación de mayores vínculos de cooperación e intercambio interinstitucional.
650 #7 - PUNTO DE ACCESO ADICIONAL DE MATERIA--TÉRMINO DE MATERIA
Término de materia o nombre geográfico como elemento de entrada Servicios de información
9 (RLIN) 89481
Subdivisión de forma Guías
-- Publicaciones periódicas
Subdivisión geográfica República Dominicana
650 #7 - PUNTO DE ACCESO ADICIONAL DE MATERIA--TÉRMINO DE MATERIA
Término de materia o nombre geográfico como elemento de entrada Servicios de información en educación
Subdivisión de forma Guías
-- Publicaciones periódicas
9 (RLIN) 89482
Subdivisión geográfica República Dominicana
650 #7 - PUNTO DE ACCESO ADICIONAL DE MATERIA--TÉRMINO DE MATERIA
Término de materia o nombre geográfico como elemento de entrada Servicios de consulta (Bibliotecas)
Subdivisión de forma Guías
9 (RLIN) 89483
Subdivisión geográfica República Dominicana
650 #7 - PUNTO DE ACCESO ADICIONAL DE MATERIA--TÉRMINO DE MATERIA
Término de materia o nombre geográfico como elemento de entrada Centros de documentación en educación
Subdivisión general Organización
Subdivisión geográfica República Dominicana
9 (RLIN) 89484
650 #7 - PUNTO DE ACCESO ADICIONAL DE MATERIA--TÉRMINO DE MATERIA
Término de materia o nombre geográfico como elemento de entrada Centros de documentación en educación
Subdivisión de forma Reglamentos
Subdivisión geográfica República Dominicana
9 (RLIN) 89485
942 ## - ELEMENTOS DE PUNTO DE ACCESO ADICIONAL (KOHA)
Fuente del sistema de clasificación o colocación Dewey Decimal Classification
Tipo de ítem Koha Publicación periódica
Existencias
Estado de retiro Estado de pérdida Fuente del sistema de clasificación o colocación Estado dañado Restricciones de uso No para préstamo Código de colección Localización permanente Ubicación/localización actual Fecha de adquisición Enumeración/cronología de publicación seriada Total de préstamos Código de barras Fecha visto por última vez Número de copia Precio válido a partir de Tipo de ítem Koha Nota pública
    Dewey Decimal Classification   Préstamo en sala   Hemeroteca Biblioteca Nacional Pedro Henríquez Ureña Biblioteca Nacional Pedro Henríquez Ureña 06.05.2026 Año 2016   2026-3598 06.05.2026 e.1 06.05.2026 Publicación periódica Disponible para consulta en: Hemeroteca.

Con tecnología Koha